| 000 | 00320nam a2200121Ia 4500 | ||
|---|---|---|---|
| 005 | 20260326100039.0 | ||
| 008 | 260326s9999||||xx |||||||||||||| ||und|| | ||
| 100 | _aLechuga Ponciano, Manuel | ||
| 245 | 0 |
_aGuia de las Ruinas de Antigua / _cManuel Lechuga Ponciano |
|
| 260 | _bGuatemala | ||
| 650 | _aURBANISMO | ||
| 942 | _cBK | ||
| 999 |
_c6940 _d6940 |
||